<?xml version="1.0" encoding="UTF-8"?>
<record
    xmlns:xsi="http://www.w3.org/2001/XMLSchema-instance"
    xsi:schemaLocation="http://www.loc.gov/MARC21/slim http://www.loc.gov/standards/marcxml/schema/MARC21slim.xsd"
    xmlns="http://www.loc.gov/MARC21/slim">

  <leader>01622njm a2200337 i 4500</leader>
  <controlfield tag="001">4611</controlfield>
  <controlfield tag="003">ES-MaACL</controlfield>
  <controlfield tag="005">20250808034522.0</controlfield>
  <controlfield tag="007">s|r|||||||||||</controlfield>
  <controlfield tag="008">070801q19601969sp ||| g ||||||||1|nspa d</controlfield>
  <datafield tag="245" ind1="0" ind2="0">
    <subfield code="a">Ciclo de conferencias sobre la pena de muerte [</subfield>
    <subfield code="h">Grabaci&#xF3;n sonora] / </subfield>
    <subfield code="c">intervienen Francisco Tom&#xE1;s Valiente, Daniel Sorio, Julio Caro Baroja (envi&#xF3; cuartillas para leer Mar&#xED;a Asunci&#xF3;n Mil&#xE1; de Salinas, Enrique Hamberger, Mose&#xF1;or Iniesta, Jos&#xE9; Luis L&#xF3;pez Aranguren.</subfield>
  </datafield>
  <datafield tag="260" ind1=" " ind2=" ">
    <subfield code="a">Madrid : </subfield>
    <subfield code="b">Ateneo de Madrid, </subfield>
    <subfield code="c">[196-?]</subfield>
  </datafield>
  <datafield tag="300" ind1=" " ind2=" ">
    <subfield code="a">2 discos (CD-DA) (1 h. 25 min. 16 seg.) ; </subfield>
    <subfield code="c">12 cm.</subfield>
  </datafield>
  <datafield tag="500" ind1=" " ind2=" ">
    <subfield code="a">Datos basados en invitaci&#xF3;n.</subfield>
  </datafield>
  <datafield tag="505" ind1="8" ind2=" ">
    <subfield code="a">Contiene las conferencias: "La evoluci&#xF3;n hist&#xF3;rica de la pena de muerte". "Los m&#xE9;todos ejecutivos vigentes en la actualidad". "Todo ha de reformarse, todo ha de revisarse a la luz de la ciencia"</subfield>
  </datafield>
  <datafield tag="518" ind1=" " ind2=" ">
    <subfield code="a">Acto organizado por el Ateneo de Madrid.</subfield>
  </datafield>
  <datafield tag="600" ind1="1" ind2="4">
    <subfield code="a">Aranguren, Jos&#xE9; Luis L.,</subfield>
    <subfield code="d">1909-1996</subfield>
    <subfield code="9">22315</subfield>
  </datafield>
  <datafield tag="600" ind1="1" ind2="4">
    <subfield code="a">Mil&#xE1; de Salinas, Mar&#xED;a Asunci&#xF3;n.</subfield>
    <subfield code="9">81076</subfield>
  </datafield>
  <datafield tag="610" ind1="2" ind2="4">
    <subfield code="a">Ateneo de Madrid-</subfield>
    <subfield code="x">Actos culturales-</subfield>
    <subfield code="y">196-?-</subfield>
    <subfield code="v">Grabaciones sonoras.</subfield>
    <subfield code="9">1877</subfield>
  </datafield>
  <datafield tag="650" ind1="1" ind2="7">
    <subfield code="a">Pena de muerte</subfield>
    <subfield code="2">embne</subfield>
    <subfield code="9">15915</subfield>
  </datafield>
  <datafield tag="700" ind1="0" ind2=" ">
    <subfield code="a">Tom&#xE1;s y Valiente, Francisco,</subfield>
    <subfield code="d">1932-1996</subfield>
    <subfield code="9">110535</subfield>
  </datafield>
  <datafield tag="700" ind1="1" ind2=" ">
    <subfield code="a">Soiro, Daniel.</subfield>
    <subfield code="9">107027</subfield>
  </datafield>
  <datafield tag="700" ind1="1" ind2=" ">
    <subfield code="a">Caro Baroja, Julio,</subfield>
    <subfield code="d">1914-1995</subfield>
    <subfield code="9">35403</subfield>
  </datafield>
  <datafield tag="700" ind1="1" ind2=" ">
    <subfield code="a">Hamberger, Enrique.</subfield>
    <subfield code="9">61638</subfield>
  </datafield>
  <datafield tag="700" ind1="1" ind2=" ">
    <subfield code="a">Monse&#xF1;or Iniesta.</subfield>
    <subfield code="9">194695</subfield>
  </datafield>
  <datafield tag="710" ind1="2" ind2=" ">
    <subfield code="a">Ateneo de Madrid.</subfield>
    <subfield code="9">1875</subfield>
  </datafield>
  <datafield tag="852" ind1=" " ind2=" ">
    <subfield code="a">ES-MaACL</subfield>
    <subfield code="j">ROT 3/1/3</subfield>
    <subfield code="c">ROT</subfield>
    <subfield code="9">4728</subfield>
  </datafield>
  <datafield tag="852" ind1=" " ind2=" ">
    <subfield code="a">ES-MaACL</subfield>
    <subfield code="j">ROT 3/1/4</subfield>
    <subfield code="c">ROT</subfield>
    <subfield code="9">202955</subfield>
  </datafield>
  <datafield tag="942" ind1=" " ind2=" ">
    <subfield code="2">udc</subfield>
  </datafield>
  <datafield tag="999" ind1=" " ind2=" ">
    <subfield code="c">4611</subfield>
    <subfield code="d">4611</subfield>
  </datafield>
  <datafield tag="952" ind1=" " ind2=" ">
    <subfield code="0">0</subfield>
    <subfield code="1">0</subfield>
    <subfield code="2">udc</subfield>
    <subfield code="4">0</subfield>
    <subfield code="7">0</subfield>
    <subfield code="8">Fondo_Ateneo_de_Madrid</subfield>
    <subfield code="a">ATENEOM</subfield>
    <subfield code="b">ATENEOM</subfield>
    <subfield code="c">DEPO</subfield>
    <subfield code="d">2008-01-17</subfield>
    <subfield code="l">0</subfield>
    <subfield code="o">ROT 3/1/3</subfield>
    <subfield code="p">1004674</subfield>
    <subfield code="r">2023-02-23 00:00:00</subfield>
    <subfield code="w">2023-02-23</subfield>
    <subfield code="y">CDROM</subfield>
  </datafield>
  <datafield tag="952" ind1=" " ind2=" ">
    <subfield code="0">0</subfield>
    <subfield code="1">0</subfield>
    <subfield code="2">udc</subfield>
    <subfield code="4">0</subfield>
    <subfield code="7">0</subfield>
    <subfield code="8">Fondo_Ateneo_de_Madrid</subfield>
    <subfield code="a">ATENEOM</subfield>
    <subfield code="b">ATENEOM</subfield>
    <subfield code="c">DEPO</subfield>
    <subfield code="d">2008-01-17</subfield>
    <subfield code="l">0</subfield>
    <subfield code="o">ROT 3/1/4</subfield>
    <subfield code="r">2024-06-03 00:00:00</subfield>
    <subfield code="w">2023-02-23</subfield>
    <subfield code="y">CDROM</subfield>
  </datafield>
</record>
